|
|
|
|
| LEADER |
01751nam a2200325 a 4500 |
| 001 |
15729899 |
| 008 |
101005s2010 njua b 001 0 eng d |
| 010 |
|
|
|a 2009278253
|
| 020 |
|
|
|a 9780137001316 (pbk.)
|
| 020 |
|
|
|a 9788131729021
|
| 020 |
|
|
|a 0137001312 (pbk.)
|
| 040 |
|
|
|a UKM
|c UKM
|d BTCTA
|d YDXCP
|d BWX
|d IJC
|d XFF
|d C#P
|d DLC
|d DB-DhAAL
|
| 082 |
0 |
4 |
|a 005.2762
|2 22
|
| 999 |
|
|
|c 9658
|d 9658
|
| 999 |
|
|
|c 9658
|
| 100 |
1 |
|
|a Deitel, Paul J.
|9 892
|
| 245 |
1 |
0 |
|a JavaScript for programmers /
|c Paul J. Deitel, Harvey M. Deitel.
|
| 260 |
|
|
|a Upper Saddle River, NJ ;
|a New Delhi :
|b Pearson/Prentice Hall,
|c 2010.
|
| 300 |
|
|
|a xxii, 408 p. :
|b ill. ;
|c 24 cm.
|
| 490 |
0 |
|
|a Deitel developer series
|
| 504 |
|
|
|a Includes bibliographical references and index.
|
| 541 |
1 |
|
|e 00021221
|
| 650 |
|
0 |
|a JavaScript (Computer program language)
|9 2005
|
| 700 |
1 |
|
|a Deitel, Harvey M.,
|d 1945-
|9 894
|
| 852 |
4 |
|
|a Ayesha Abed Library
|j General Shelf.
|
| 942 |
|
|
|2 ddc
|c BK
|0 1
|
| 952 |
|
|
|0 0
|1 0
|2 ddc
|4 0
|6 005_276200000000000_DEI
|7 0
|9 12280
|a BRACUL
|b BRACUL
|c GEN
|d 2010-10-06
|e Parama Publishers
|g 446.25
|l 31
|m 314
|o 005.2762 DEI
|p 3010021221
|r 2026-02-16
|s 2025-05-13
|t 1
|w 2010-10-06
|y BK
|
| 952 |
|
|
|0 0
|1 0
|2 ddc
|4 0
|6 005_276200000000000_DEI
|7 0
|9 20073
|a BRACUL
|b BRACUL
|c GEN
|d 2012-04-26
|e Parama Publishers
|l 29
|m 275
|o 005.2762 DEI
|p 3010025041
|r 2026-05-16
|s 2026-02-02
|t 2
|w 2012-04-26
|y BK
|
| 952 |
|
|
|0 0
|1 0
|2 ddc
|4 0
|6 005_276200000000000_DEI
|7 0
|9 22560
|a BRACUL
|b BRACUL
|c GEN
|d 2013-05-30
|e Parama Publishers
|g 6849.00
|l 27
|m 238
|o 005.2762 DEI
|p 3010027085
|r 2025-12-27
|s 2025-12-18
|t 3
|w 2013-05-30
|y BK
|
| 952 |
|
|
|0 0
|1 4
|2 ddc
|4 0
|6 005_276200000000000_DEI
|7 0
|9 22561
|a BRACUL
|b BRACUL
|c AV
|d 2013-05-30
|e Parama Publishers
|g 6849.00
|l 0
|o 005.2762 DEI
|p 4010027085
|r 2013-05-30
|t 1
|w 2013-05-30
|y AV
|x Koha Inventory 2020
|